Constantin Brancusi

Saved in:
Bibliographic Details
Main Author: Lewis, David Neville (Author)
Format: Book
Language:English
Published: Londres Academy 1974
Subjects:
Tags: Add Tag
No Tags, Be the first to tag this record!

MARC

LEADER 00000nam a2200000 a 4500
001 UCO4594
003 CL-VaPUC
008 000804e19740000UK |||||||||||||||||eng|d
082 0 4 |a 730.92  |b LEW  |2 21 
100 |a Lewis, David Neville  |e author  |9 527937 
245 1 0 |a Constantin Brancusi 
300 |a 80 p 
942 |c BK 
945 |d 20000804 00:00:00  |a crobeson 
260 |a Londres  |b Academy  |c 1974 
600 0 7 |a BRANCUSI, CONSTANTIN  |2 CL-VaPUC  |9 268598 
650 0 |a Escultores  |9 267159 
650 7 |a ESCULTURA MODERNA  |2 CL-VaPUC  |9 268158 
650 0 |a Vida y obra  |9 311871 
583 |a last modification  |c 20000804 00:00:00  |k Rodrigo Vera 
999 |c 290621  |d 290619 
952 |0 0  |1 0  |4 0  |6 730_920000000000000_LEW_1974  |7 0  |8 R  |9 340141  |a BIBART  |b BIBART  |d 2019-11-20  |i 1214578  |o 730.92 LEW 1974  |p 1214578  |r 2025-03-13  |w 2019-11-20  |y BK_R  |k ART